000
00335nam a22001457a 4500
008
230127b ||||| |||| 00| 0 eng d
020
_a
1579581382
041
_a
eng
080
_2
VOLUME 1
_a
030
082
_a
030KON
100
_a
40
101
_a
LITERA
245
_a
ENCYCLOPEDIA OF GERMAN LITERATURE
_c
KONZETT M
942
_2
udc
_c
BK
999
_c
59288
_d
59288